Statistics for Sexuality Definitions

Click here to take the quiz!

General Stats

  • This quiz has been taken 142 times
    (82 since last reset)
  • The average score is 5 of 13

Answer Stats

HintAnswer% Correct
Same sex attractiongay/homosexual
97%
attraction to male and femalebisexual
94%
attraction to all genderspansexual
87%
someone who experiences attraction to the opposite gender onlyheterosexual/Straight
72%
No romantic attractionaromantic
52%
umbrella term for anybody LGBTQIAA+queer
52%
Attraction to multiple but not all genderspolysexual
42%
attraction to all genders with preferenceomnisexual
28%
someone who is attracted to womengynosexual
9%
someone who's attraction fades as soon as they get to know themfraysexual
4%
someone who's sexuality is fluid and ever chandingabrosexual
1%
someone who experiences multiple attractions at one timepolyamourous
1%
attraction to trans and nonbinaryceterosexual
0%

Score Distribution

Percentile by Number Answered

Percent of People with Each Score

Your Score History

You have not taken this quiz since the last reset